| 000 | 00641cam a2200205 a 4500 | ||
|---|---|---|---|
| 001 | 000002870 | ||
| 005 | 20200929150256.0 | ||
| 008 | 910418s1950 gt 001 0 spa | ||
| 010 | _altf91046026 | ||
| 040 |
_aDO-SdBNP _bspa _cBNPHU |
||
| 082 |
_aMe861.08 _bL257r, 1950 |
||
| 100 | 1 |
_aLandivar, Rafael, _d1731-1793. _99118 |
|
| 245 | 1 | 0 | _aRusticatio mexicana. |
| 250 | _a3a ed. | ||
| 260 |
_aGuatemala : _bEditorial Universitaria, _c1950. |
||
| 300 |
_a209 p. : _bil. ; _c20 cm. |
||
| 504 | _aIncluye referencias bibliográficas y notas al pie de las páginas | ||
| 650 | 4 |
_aPoesía centroamericana _99119 |
|
| 650 | 4 |
_aPoesía mexicana _99120 |
|
| 999 |
_c2704 _d2704 |
||